• AIU
  • Tony Wilmot Memorial Library

Teaching styles and strategies : (Record no. 51640)

MARC details
000 -LEADER
fixed length control field 00831cam a22002413a 4500
001 - CONTROL NUMBER
control field 13542197
003 - CONTROL NUMBER IDENTIFIER
control field OSt
005 - DATE AND TIME OF LATEST TRANSACTION
control field 20151115020003.0
008 - FIXED-LENGTH DATA ELEMENTS--GENERAL INFORMATION
fixed length control field 040329s1996 nju 000 0 eng
010 ## - LIBRARY OF CONGRESS CONTROL NUMBER
LC control number 2004270303
020 ## - INTERNATIONAL STANDARD BOOK NUMBER
International Standard Book Number 1582840024 (pbk.)
040 ## - CATALOGING SOURCE
Original cataloging agency DLC
Transcribing agency DLC
Modifying agency DLC
050 00 - LIBRARY OF CONGRESS CALL NUMBER
Classification number MLCM 2006/11024
100 1# - MAIN ENTRY--PERSONAL NAME
Personal name Silver, Farvey F.
9 (RLIN) 5909
245 10 - TITLE STATEMENT
Title Teaching styles and strategies :
Remainder of title interventions to enrich instructional decision-making /
Statement of responsibility, etc by Harvey F. Silver ... [et al.].
250 ## - EDITION STATEMENT
Edition statement 3rd ed.
260 ## - PUBLICATION, DISTRIBUTION, ETC. (IMPRINT)
Place of publication, distribution, etc Trenton, N.J. :
Name of publisher, distributor, etc Thoughtful Education Press,
Date of publication, distribution, etc 1998.
300 ## - PHYSICAL DESCRIPTION
Extent 264 p. ;
Dimensions 28 cm.
440 #0 - SERIES STATEMENT/ADDED ENTRY--TITLE
Title Unity in diversity series ;
Volume number/sequential designation manual 2
9 (RLIN) 5910
906 ## - LOCAL DATA ELEMENT F, LDF (RLIN)
a 7
b cbc
c orignew
d 3
e ncip
f 20
g y-gencatlg
942 ## - ADDED ENTRY ELEMENTS (KOHA)
Source of classification or shelving scheme Library of Congress Classification
Koha item type Articles
Koha issues (borrowed), all copies 1
Holdings
Withdrawn status Lost status Source of classification or shelving scheme Damaged status Not for loan Collection code Home library Current library Shelving location Date acquired Cost, normal purchase price Total Checkouts Total Renewals Full call number Barcode Date last seen Date checked out Copy number Price effective from Koha item type
    Library of Congress Classification     General Circulation AIU/NEGST - Tony Wilmot Memorial Library AIU/NEGST - Tony Wilmot Memorial Library General Stacks 09/08/2010 25.00 4 2 LB 1025.2.H36 1986 R23345F3232 05/13/2022 04/07/2022 1 09/08/2010 Books